System of national accounts 1993 / (Registro nro. 8522)

Detalles MARC
000 -LEADER
fixed length control field 02731nam a2200301Ia 4500
003 - CONTROL NUMBER IDENTIFIER
control field OSt
005 - DATE AND TIME OF LATEST TRANSACTION
control field 20210908141349.0
008 - FIXED-LENGTH DATA ELEMENTS--GENERAL INFORMATION
fixed length control field 210310t1993 ser fr 000 0 eng d
020 ## - INTERNATIONAL STANDARD BOOK NUMBER
International Standard Book Number 9211613523
040 ## - CATALOGING SOURCE
Original cataloging agency CO-JMCR
Transcribing agency CO-JMCR
041 0# - LANGUAGE CODE
Language code of text/sound track or separate title eng
082 04 - DEWEY DECIMAL CLASSIFICATION NUMBER
Classification number 339.32 /
Item number I611s
Edition number 23
110 2# - MAIN ENTRY--CORPORATE NAME
Corporate name or jurisdiction name as entry element Inter-Secretariat Working Group on National Accounts
9 (RLIN) 40166
245 10 - TITLE STATEMENT
Title System of national accounts 1993 /
Statement of responsibility, etc. Inter-Secretariat Working Group on National Accounts.; Commission of the European Communities.; International Monetary Fund.; Organisation for Economic Co-operation and Development. ; United Nations
260 ## - PUBLICATION, DISTRIBUTION, ETC.
Place of publication, distribution, etc. Brussels :
Name of publisher, distributor, etc. World Bank,
Date of publication, distribution, etc. ©1993
300 ## - PHYSICAL DESCRIPTION
Extent il, 711 páginas ;
Dimensions 27 cm.
500 ## - GENERAL NOTE
General note Incluye notas a pie de página.
505 0# - FORMATTED CONTENTS NOTE
Formatted contents note Overview -- Flows, stocks and accounting -- Institutional units and sectors -- Establishments and industries -- The productio account -- The primary distribution of income account -- The secondary distribution of income account -- The use of income account -- The capital account -- The financial account - Other changes in assets account -- The balance sheet -- The rest of the world account (external transactions account) -- Supply and use tables and input-output -- Price and volume measures -- Population and labour inputs -- Functional classifications -- Application of the integrated framework to various circumstances and needs -- Social accounting matrices -- Satelite analysis and accounts
520 3# - SUMMARY, ETC.
Summary, etc. This new version of the System of National Accounts is a comprehensive, consistent and flexible set of macro economic accounts to meet the needs of government and private-sector analysts, policy makers and decision takers. It is designed for use in all countries, whatever their economic, social or institutional arrangements and stage of economic development. The new SNA updates and clarifies the 1968 SNA and harmonizes the SNA with other sets of international standards in statistics, particularly balance of payments, govern ment and other financial statistics and employment statistics. It deals more fully with the integration of balance sheets, lays the groundwork for dealing with interaction between the economy and the natural resources of the environment, and elaborates an ana lytical approach to the assessment of poverty through social accounting matrices.
650 14 - SUBJECT ADDED ENTRY--TOPICAL TERM
Topical term or geographic name entry element Cuentas nacionales
9 (RLIN) 17518
650 24 - SUBJECT ADDED ENTRY--TOPICAL TERM
Topical term or geographic name entry element Contabilidad de ingresos nacionales
9 (RLIN) 40167
650 24 - SUBJECT ADDED ENTRY--TOPICAL TERM
Topical term or geographic name entry element Ingreso
9 (RLIN) 40168
710 1# - ADDED ENTRY--CORPORATE NAME
Corporate name or jurisdiction name as entry element Commission of the European Communities.
9 (RLIN) 40169
710 1# - ADDED ENTRY--CORPORATE NAME
Corporate name or jurisdiction name as entry element International Monetary Fund.
9 (RLIN) 39122
710 1# - ADDED ENTRY--CORPORATE NAME
Corporate name or jurisdiction name as entry element Organisation for Economic Co-operation and Development.
9 (RLIN) 40170
710 1# - ADDED ENTRY--CORPORATE NAME
Corporate name or jurisdiction name as entry element United Nations
9 (RLIN) 40171
942 ## - ADDED ENTRY ELEMENTS (KOHA)
Source of classification or shelving scheme Dewey Decimal Classification
Koha item type Books
Existencias
Withdrawn status Lost status Source of classification or shelving scheme Damaged status Not for loan Collection code Home library Current library Date acquired Source of acquisition Full call number Barcode Date last seen Copy number Koha item type
    Dewey Decimal Classification     Non-fiction Biblioteca Pública José María del Castillo y Rada Biblioteca Pública José María del Castillo y Rada 04/15/2018 Donación 339.32 / I611s 430006170 05/16/2024 Ej.1 Books